Vista normal
Vista MARC
Entrada Materia (personas)
Número de registros utilizados en: 1
001 - CONTROL NUMBER
- control field: 39452
003 - CONTROL NUMBER IDENTIFIER
- control field: Co-BoUCM
005 - DATE AND TIME OF LATEST TRANSACTION
- control field: 20130620131654.0
008 - FIXED-LENGTH DATA ELEMENTS
- fixed length control field: 130620|| aca||aabn | a|a d
040 ## - CATALOGING SOURCE
- Original cataloging agency: Co-BoUCM
- Transcribing agency: Co-BoUCM
100 ## - HEADING--PERSONAL NAME
- Personal name: Salvador Alcaide, Adela
670 ## - SOURCE DATA FOUND
- Source citation: Work cat.: (Co-BoUCM)166949: Garmendia Salvador, Alfonso 38783, Evaluación de impacto ambiental, 2005